| 000 | 00818nam a2200277 a 4500 | ||
|---|---|---|---|
| 999 |
_c3544 _d3544 |
||
| 006 | a|||||r|||| 001 0 | ||
| 007 | ta | ||
| 008 | 260013t2022 nyuad||g |||| 001 0 eng d | ||
| 020 |
_a9780367477967 _c£ 76.99 |
||
| 040 |
_aKO _beng |
||
| 041 | 0 | _aeng | |
| 044 | _aii | ||
| 082 | 0 | 4 |
_223 _a519.535 _bW6178 |
| 100 | 1 | _aWhittaker, Tiffany A. | |
| 245 | 1 | 0 |
_aA beginners guide to structural equation modelling / _cTiffany A. Whittaker and Randall E. Schumacker |
| 250 | _a5th ed. | ||
| 260 |
_aNewyork : _bRoutledge., _c2022. |
||
| 300 |
_axviii, 400 p : _bill. ; _c26 cm. |
||
| 504 | _aIncludes Index. | ||
| 650 | 0 |
_aMultivariate analysis _xTextbooks |
|
| 650 | 0 |
_aSocial sciences _vStatistical methods _xTextbooks |
|
| 700 |
_aSchumacker, Randall E. _eaut |
||
| 904 | _aA_BOSE | ||
| 942 |
_cBK _2ddc |
||